00388nam a2200145Ia 4500008004100000020001500041041001200056082001600068100002000084245006500104260003400169300000800203650001600211700001500227221030s9999 xx 000 0 und d a8186340084 aEnglish a105.23bRaf aM. Rafiquzzaman 0aModern Computer Architecturecby M. Rafiquzzaman, R. Chandra bGalgotia PubaNew Delhic1999 a410 aBE Computer aR. Chandra